INDIA DEVELOPMENT AND PARTICIPATION (Record no. 16331)
[ view plain ]
| 000 -LEADER | |
|---|---|
| fixed length control field | 00291nam a22001337a 4500 |
| 003 - CONTROL NUMBER IDENTIFIER | |
| control field | SGT |
| 020 ## - INTERNATIONAL STANDARD BOOK NUMBER | |
| International Standard Book Number | 9780195678574 |
| 082 ## - DEWEY DECIMAL CLASSIFICATION NUMBER | |
| Item number | DRE |
| 100 ## - MAIN ENTRY--PERSONAL NAME | |
| Personal name | DREZE, JEAN |
| 245 ## - TITLE STATEMENT | |
| Title | INDIA DEVELOPMENT AND PARTICIPATION |
| 260 ## - PUBLICATION, DISTRIBUTION, ETC. (IMPRINT) | |
| Name of publisher, distributor, etc | OXFORD UNIVERSITY PRESS |
| Year of Publication | 2005 |
| 300 ## - PAGE DESCRIPTION | |
| No. of Pages | 512 |
| 942 ## - ADDED ENTRY ELEMENTS (KOHA) | |
| Source of classification or shelving scheme | Dewey Decimal Classification |
| Koha item type | Books |
| Withdrawn status | Lost status | Source of classification or shelving scheme | Damaged status | Not for loan | Collection code | Home library | Current library | Shelving location | Date acquired | Vendor Name | Cost, normal purchase price | SGTU | Bill Number | Total Checkouts | Full call number | Accession No. (Barcode) | Date last seen | Bill Date | Koha item type |
|---|---|---|---|---|---|---|---|---|---|---|---|---|---|---|---|---|---|---|---|
| Dewey Decimal Classification | COMMERCE MANAGEMENT | SGT Science & Social Sciences Library | SGT Science & Social Sciences Library | Text Book | 14/12/2018 | KIRTI PRAKASHAN | 495.00 | SGTU | IN1748 | DRE | CM5096 | 14/12/2018 | 14/12/2018 | Books | |||||
| Dewey Decimal Classification | COMMERCE MANAGEMENT | SGT Science & Social Sciences Library | SGT Science & Social Sciences Library | Text Book | 14/12/2018 | KIRTI PRAKASHAN | 495.00 | SGTU | IN1748 | DRE | CM5097 | 14/12/2018 | 14/12/2018 | Books |